Every Lil Wayne Song on the Billboard Hot 100 - Statistics

General Stats
  • This quiz has been taken 173 times
    104 since last reset
  • The average score is 26 of 170
Answer Stats
# Year Song % Correct
1 2008 Lollipop ft. Static Major
85%
6 2008 A Milli
82%
9 2011 6 Foot 7 Foot ft. Cory Gunz
66%
16 2011 Mirror ft. Bruno Mars
56%
3 2011 She Will ft. Drake
52%
62 2008 Mr. Carter ft. Jay-Z
50%
5 2011 How To Love
48%
22 2011 John ft. Rick Ross
46%
9 2013 Love Me ft. Drake & Future
46%
32 2005 Fireman
45%
2 2018 Mona Lisa ft. Kendrick Lamar
45%
18 2010 Drop The World ft. Eminem
44%
8 2009 Forever (Drake) ft. Kanye West & Eminem
44%
64 2020 Forever (Lil Baby)
44%
10 2008 Got Money ft. T-Pain
44%
16 2008 Mrs. Officer ft. Bobby Valentino & Kidd Kidd
40%
6 2010 Right Above It ft. Drake
39%
7 2018 Uproar
39%
14 2004 Go D.J.
38%
33 2011 Blunt Blowin
35%
66 2008 3 Peat
33%
87 2006 Hustler Musik
30%
23 2010 No Love (Eminem)
29%
72 2000 Tha Block Is Hot ft. Juvenile & B.G.
29%
10 2011 I'm On One (DJ Khaled) ft. Drake & Rick Ross
28%
12 2014 Only (Nicki Minaj) ft. Drake & Chris Brown
28%
5 2018 Don't Cry ft. XXXTentacion
27%
1 2009 Down (Jay Sean)
27%
52 2011 MegaMan
27%
62 2012 HYFR (Hell Ya F*****g Right) (Drake)
26%
15 2010 Miss Me (Drake)
24%
14 2012 The Motto (Drake)
24%
15 2009 Prom Queen ft. Shanell
23%
82 2010 I'm Single
22%
10 2018 Let It Fly ft. Travis Scott
22%
6 2011 Look At Me Now (Chris Brown) ft. Busta Rhymes
22%
9 2014 Loyal (Chris Brown) ft. Tyga or French Montana or Too $hort
22%
38 2013 Rich As F**k ft. 2 Chainz
22%
15 2016 Sucker For Pain (Wiz Khalifa, Imagine Dragons, Logic & Ty Dolla $ign) ft. X Ambassadors
22%
84 2011 How To Hate ft. T-Pain
21%
1 2017 I'm The One (DJ Khaled) ft. Justin Bieber, Quavo & Chance The Rapper
21%
94 2011 President Carter
21%
14 2015 Truffle Butter (Nicki Minaj) ft. Drake
21%
7 2008 Can't Believe It (T-Pain)
20%
64 2013 High School (Nicki Minaj)
20%
29 2013 No Worries ft. Detail
20%
9 2007 You (Lloyd)
20%
65 2010 I Am Not A Human Being
18%
21 2006 Stuntin' Like My Daddy (Birdman)
18%
94 2013 I Do It (2 Chainz) ft. Drake
17%
33 2020 I Do It ft. Big Sean & Lil Baby
17%
97 2008 I'm Me
17%
75 2018 Let It All Work Out
17%
26 2009 Money To Blow (Birdman) ft. Drake
17%
2 2020 Whats Poppin (Jack Harlow) ft. Dababy & Tory Lanez
17%
19 1999 Back That Thang Up (Juvenile) ft. Mannie Fresh
16%
26 2014 Believe Me (Drake)
16%
75 2010 Bill Gates
16%
5 2008 Let It Rock (Kevin Rudolf)
16%
36 2012 Pop That (French Montana) ft. Rick Ross & Drake
16%
33 2012 Faded (Tyga)
15%
38 2012 My Homies Still ft. Big Sean
15%
36 1999 Bling Bling (B.G.) ft. Birdman, Turk, Mannie Fresh & Juvenile
13%
14 2018 Dedicate
13%
79 2011 It's Good ft. Drake & Jadakiss
13%
44 2010 Knockout ft. Nicki Minaj
13%
50 2012 Ball (T.I.)
12%
88 2020 Funeral
12%
15 2006 Gimme That (Chris Brown)
12%
13 2007 Make It Rain (Fat Joe)
12%
37 2013 No New Friends (SFTB Remix) (DJ Khaled) ft. Drake & Rick Ross
12%
21 2008 See You In My Nightmares (Kanye West)
12%
96 2001 Shine ft. Birdman, Mack 10 & Mikkey
12%
5 2008 Swagga Like Us (Jay-Z & T.I.) ft. Kanye West
12%
17 2018 Can't Be Broken
11%
39 2018 Dope N****z ft. Snoop Dogg
11%
15 2007 Duffle Bag Boy (Playaz Circle)
11%
90 2011 Nightmares Of The Bottom
11%
14 2017 No Frauds (Nicki Minaj & Drake)
11%
43 2016 No Problem (Chance The Rapper) ft. 2 Chainz
11%
47 2018 Open Letter
11%
28 2007 We Takin' Over (DJ Khaled) ft. T.I., Akon, Rick Ross, Birdman & Fat Joe
11%
90 2009 4 My Town (Play Ball) (Birdman) ft. Drake
10%
57 2011 Ballin' (Jeezy)
10%
29 2012 Bandz A Make Her Dance (Juicy J) ft. 2 Chainz
10%
17 2010 Gonorrhea ft. Drake
10%
20 2009 I Can Transform Ya (Chris Brown) ft. Swizz Beatz
10%
21 2010 I Made It (Cash Money Heroes) (Kevin Rudolf) ft. Birdman & Jay Sean
10%
3 2005 Soldier (Destiny's Child) ft. T.I.
10%
7 2011 Strange Clouds (B.o.B.)
10%
17 2009 Successful (Drake) ft. Trey Songz
10%
61 2011 9 Piece (Rick Ross)
9%
54 2019 Always Strapped (Birdman)
9%
38 2013 Beware (Big Sean) ft. Jhene Aiko
9%
81 2013 Celebration (The Game) ft. Chris Brown, Tyga & Wiz Khalifa
9%
88 2012 Ice (Kelly Rowland)
9%
74 2018 Mess
9%
17 2011 Motivation (Kelly Rowland)
9%
21 2008 My Life (The Game)
9%
62 2009 On Fire
9%
38 2008 Pop Bottles (Birdman)
9%
57 2018 Problems
9%
62 2010 Red Nation (The Game)
9%
95 2011 So Special ft. John Legend
9%
76 2018 Start This S**t Off Right Ashanti & Mack Maine
9%
71 2002 Way Of Life
9%
24 2018 What About Me ft. Sosamann
9%
52 2017 Codeine Dreaming (Kodak Black)
7%
26 2018 Dark Side Of The Moon ft. Nicki Minaj
7%
36 2018 Famous ft. Reginae Carter
7%
64 2011 Fire Flame (Birdman)
7%
68 2015 How Many Times (DJ Khaled) ft. Chris Brown & Big Sean
7%
31 2008 I'm So Paid (Akon) ft. Jeezy
7%
82 2013 Karate Chop (Remix) (Future)
7%
35 2020 My Window (YoungBoy Never Broke Again)
7%
84 2015 Used To (Drake)
7%
60 2018 Good Form (Nicki Minaj)
6%
99 2016 Let Me Love You (Ariana Grande)
6%
61 2020 Mahogany
6%
86 2015 Nothing But Trouble (Instagram Models) (Charlie Puth)
6%
62 2018 Open Safe
6%
86 2018 Perfect Strangers
6%
56 2018 Rich Sex (Nicki Minaj)
6%
12 2008 Sweetest Girl (Dollar Bill) (Wyclef Jean) ft. Akon & Niia
6%
58 2012 Take It To The Head (DJ Khaled) ft. Chris Brown, Rick Ross & Nicki Minaj
6%
44 2013 Tapout (Rich Gang) ft. Birdman, Future, Mack Maine & Nicki Minaj
6%
65 2018 Took His Time
6%
78 2018 Used 2
6%
79 2011 Welcome To My Hood (DJ Khaled) ft. Rick Ross, Plies & T-Pain
6%
81 2008 You Ain't Got Nuthin ft. Juelz Santana & Fabolous
6%
72 2019 Be Like Me (Lil Pump)
5%
97 2016 Bottom Of The Bottle (Curren$Y) ft. August Alsina
5%
71 2017 Changed It (Nicki Minaj)
5%
81 2018 Demon
5%
90 2018 Dope New Gospel (Nivea)
5%
84 2012 Enough Of No Love (Keyshia Cole)
5%
44 2012 I Can Only Imagine (David Guetta) ft. Chris Brown
5%
100 2011 Martians Vs Goblins (The Game) ft. Tyler, The Creator
5%
92 2009 Maybach Music 2 (Rick Ross) ft. Kanye West & T-Pain
5%
100 2017 Running Back (Wale)
5%
48 2011 Sweat (Bow Wow)
5%
80 2013 Wit Me (T.I.)
5%
81 2010 Women Lie, Men Lie (Yo Gotti)
5%
91 2010 American Star (Shanell)
4%
48 2011 Bang Bang Pow Pow (T- Pain)
4%
30 2011 Bow Chicka Wow Wow (Mike Posner)
4%
18 2011 Dirty Dancer (Enrique Iglesias & Usher)
4%
64 2008 Girls Around The World (Lloyd)
4%
59 2018 Hittas
4%
59 2006 Holla At Me (DJ Khaled) ft. Paul Wall, Fat Joe, Rick Ross & Pitbull
4%
33 2009 Hot Revolver
4%
51 2012 Ima Boss (Meek Mill) ft. T.I., Birdman, DJ Khaled, Rick Ross & Swizz Beatz
4%
41 2011 I'm Into You (Jennifer Lopez)
4%
57 2019 Jealous (DJ Khaled) ft. Chris Brown & Big Sean
4%
65 2008 Last Of A Dying Breed (Ludacris)
4%
18 2008 Love In This Club Part II (Usher) ft. Beyoncé
4%
87 2020 Mama Mia
4%
70 2012 Roman Reloaded (Nicki Minaj)
4%
15 2009 Turnin Me On (Keri Hilson)
4%
42 2010 What's Wrong With Them ft. Nicki Minaj
4%
80 2012 Yuck! (2 Chainz)
4%
76 2010 F**k Today ft. Gudda
2%
29 2009 Give It Up To Me (Shakira)
2%
100 2016 Gotta Lotta (2 Chainz)
2%
18 2011 Hit The Lights (Jay Sean)
2%
40 2009 I'm Going In (Drake) ft. Jeezy
2%
96 2013 She Don't Put It Down (Joe Budden) ft. Tank
2%
68 2011 Y.U. Mad (Birdman) ft. Nicki Minaj
2%
79 2011 Dedication To My Ex (Miss That) (Lloyd) ft. André 3000
1%
37 2011 Sleazy Remix 2.0 Get Sleazier (Ke$ha) ft. Wiz Khalifa, T.I. & André 3000
1%
No matching quizzes found
Score Distribution
Percent of People with Each Score
Percentile by Number Answered
Your Score History
You have not taken this quiz since the last reset